000 00424nam a2200169 a 4500
001 0000-9106
003 ELIB.Books
008 110520 1946
035 _a(ELIB.Books)0000-9255
082 _a150
_bAdl
100 _aAdler, Alfred
245 _aUnderstanding Human Nature
260 _bNew York: Greenbere Publisher
_c1946
650 _aPsychology
942 _2ddc
_cBK
998 _cbat
_e2011-05-20
999 _c9106
_d9106